000 00478nam a2200157 i 4500
001 bg
245 0 _aUstawa z dnia 31 stycznia 1980 r. o ochronie i kształtowaniu środowiska :
_b(tekst jednolity - opracowanie własne).
260 _aKoszalin :
_bWydaw."KAMA".
300 _a56 s. ;
_c20 cm.
650 9 _aPrawo ochrony środowiska
_zPolska
_ystan na 1980 r.
040 _cBPK
041 _apl
080 _a349.6
942 _cKS
008 s pl f |000 0 pol
999 _c35328
_d35328
856 _uhttp://koha.tu.koszalin.pl/cgi-bin/koha/opac-detail.pl?biblionumber=35328
_yKatalog online BPK